STN EN 907: 2001 (47 0618) [neplatná], Poľnohospodárske a lesnícke stroje. Postrekovače a aplikátory kvapalných hnojív. Bezpečnosť

Táto národná norma je identická s EN 907: 1997

Bibliographic Details
Main Author: Drang, Jozef (Author)
Corporate Author: MIKONA (Zvolen, Slovensko) (Translator)
Other Authors: Holoda, Jozef (Translator)
Format: Book
Language:Slovak
English
PhysicalDescription:24 s. obr., tab. 30 cm
Published: Bratislava Slovenský ústav technickej normalizácie 2001
Subjects:

MARC

LEADER 00000nam a2200000 a 4500
001 vtls010650335
003 SK-MaSNL
005 20260302013536.0
008 160429s2001 xo a f u 000 0 slo
015 |a SNBN2015 
020 |c (cen. skup. 12) 
040 |a SNK  |b slo  |c SNK  |e AACR2 
041 1 |a slo  |h eng 
044 |a xo  |c SK 
046 |a m  |m 200101 (účin.)  |n 200912 (zruš.) 
072 7 |a 631  |x Poľnohospodárstvo. Pedológia. Agrotechnika. Agroekológia  |2 konspekt 
072 7 |a 630  |x Lesníctvo  |2 konspekt 
080 |a 631.3  |2 2001 
080 |a 630*36  |2 2001 
080 |a 006.88  |2 2001 
080 |a (437.6)  |2 2001 
080 |a (4)  |2 2001 
080 |a (083)  |2 2001 
080 |a 631.347.3  |2 2001 
080 |a 631.5  |2 2001 
080 |a 631.8  |2 2001 
084 |a 65.060.40  |2 ICS 
130 0 |a STN 47 0618 (STN EN 907) [neplatná]  |9 657008 
245 1 0 |a STN EN 907: 2001 (47 0618) [neplatná], Poľnohospodárske a lesnícke stroje. Postrekovače a aplikátory kvapalných hnojív. Bezpečnosť 
246 1 0 |a Poľnohospodárske a lesnícke stroje 
246 1 0 |a Postrekovače a aplikátory kvapalných hnojív 
246 1 0 |a Bezpečnosť 
260 |a Bratislava  |b Slovenský ústav technickej normalizácie  |c 2001 
300 |a 24 s.  |b obr., tab.  |c 30 cm 
500 |a Súbežný názov v angličtine, francúzštine, nemčine 
500 |a Spracovateľ: MIKONA Zvolen, Jozef Holoda ; SÚTN Jozef Drang 
500 |a [Norma je nahradená normou STN EN ISO 4254-6 z januára 2010] 
504 |a Citované normy a súvisiace právne predpisy s. [1] 
520 8 |a Táto národná norma je identická s EN 907: 1997 
540 |a STN vydané na akomkoľvek nosiči sa môžu rozmnožovať a rozširovať iba so súhlasom určenej právnickej osoby  |b SÚTN Bratislava  |c zákon 264/1999 Z. z. 
650 0 7 |a poľnohospodárske stroje  |2 SNKPH  |9 3574 
650 0 7 |a technické normy a štandardy  |z krajiny Európskej únie  |2 SNKPH  |9 289341 
650 0 7 |a technické normy a štandardy  |z Slovensko  |2 SNKPH  |9 79594 
650 0 7 |a Agricultural machines  |2 SNKPHeng  |9 291763 
650 0 7 |a lesnícke stroje  |2 SNKPH  |9 29189 
650 0 7 |a Forest machines  |2 SNKPHeng  |9 312401 
650 0 7 |a postrekovače  |2 SNKPH  |9 403520 
650 0 7 |a Sprinklers  |2 SNKPHeng  |9 403521 
650 0 7 |a agrotechnika  |2 SNKPH  |9 680 
650 0 7 |a hnojenie  |2 SNKPH  |9 14850 
650 0 7 |a Agronomical practices  |2 SNKPHeng  |9 267666 
650 0 7 |a Fertilizing  |2 SNKPHeng  |9 312637 
655 7 |a normy  |2 SNKPH  |9 70643 
700 1 |a Holoda, Jozef  |4 trl  |9 324168 
700 |a Drang, Jozef  |4 aut  |9 312434 
710 2 |a Slovenský ústav technickej normalizácie (Bratislava, Slovensko).  |b Technická normalizačná komisia č. 25 Poľnohospodárske a lesnícke stroje  |4 stn  |9 312406 
710 2 |a MIKONA (Zvolen, Slovensko)  |4 trl  |9 324169 
958 |a OP 
958 |a NB 
999 |c 1013413  |d 1015343 
952 |a SNK  |b SNK  |y PREZ  |7 0  |p 17A1135528  |o snkSTN EN 907 D1  |i snk2015/2690  |8 0  |0 0  |1 0  |4 0  |d 2015-01-28  |l 0  |r 2026-02-24 13:00:01  |w 2026-02-24 
952 |a SNK  |b SNK  |y PREZ  |7 0  |p 17A1135527  |o snkSTN EN 907  |i snk2015/2685  |8 0  |0 0  |1 0  |4 0  |d 2015-01-28  |l 0  |r 2026-02-24 13:00:01  |w 2026-02-24